Arsenal Players of the Season - Statistics

General Stats
  • This quiz has been taken 116 times
  • The average score is 26 of 32
Answer Stats
Season Position Nationality Answer % Correct
23/24 Midfielder Norway Martin Odegaard
99%
22/23 Midfielder Norway Martin Odegaard
99%
16/17 Forward Chile Alexis Sanchez
98%
14/15 Forward Chile Alexis Sanchez
98%
15/16 Midfielder Germany Mesut Özil
97%
19/20 Forward Gabon Pierre-Emerick Aubameyang
97%
04/05 Forward France Thierry Henry
97%
03/04 Forward France Thierry Henry
97%
02/03 Forward France Thierry Henry
97%
99/00 Forward France Thierry Henry
97%
17/18 Midfielder Wales Aaron Ramsey
95%
13/14 Midfielder Wales Aaron Ramsey
95%
21/22 Midfielder England Bukayo Saka
94%
20/21 Midfielder England Bukayo Saka
94%
11/12 Forward Netherlands Robin van Persie
92%
08/09 Forward Netherlands Robin van Persie
92%
18/19 Forward France Alexandre Lacazette
91%
96/97 Forward Netherlands Dennis Bergkamp
85%
00/01 Midfielder France Patrick Vieira
85%
09/10 Midfielder Spain Cesc Fabregas
84%
06/07 Midfielder Spain Cesc Fabregas
84%
05/06 Goalkeeper Germany Jens Lehmann
81%
01/02 Midfielder France Robert Pires
81%
12/13 Midfielder Spain Santi Cazorla
81%
94/95 Goalkeeper England David Seaman
76%
92/93 Forward England Ian Wright
70%
93/94 Defender England Tony Adams
67%
10/11 Midfielder England Jack Wilshere
66%
95/96 Defender England Martin Keown
39%
07/08 Midfielder France Mathieu Flamini
37%
97/98 Midfielder England Ray Parlour
33%
98/99 Defender England Nigel Winterburn
28%
No matching quizzes found
Score Distribution
Percent of People with Each Score
Percentile by Number Answered
Your Score History
You have not taken this quiz